000 00971nam a2200277Ia 4500
003 GCL
005 20240530101850.0
008 140319s9999 xx 000 0 ara d
040 _aGCL /
_cGCL
082 0 4 _a962.1352
_bق/ح ا
100 1 _aحسين فوزى النجار
245 1 0 _aاحمد عرابى مصر للمصريين /
_cحسين فوزى النجار
260 _a[S.N] :
_bالهيئة المصرية العامة للكتاب ،
_c1992
300 _a222 ص
490 _aاعلام العرب
_v0
650 0 4 _aالعصر الحديث
650 0 4 _aمصر
650 0 4 _aتاريخ
650 0 4 _aالاحوال السياسية
650 0 4 _aالمقاومة الشعبية
650 0 4 _aالصحافة المصرية
650 0 4 _aالخديوى توفيق (1879 - 1892)
650 0 4 _aالاحتلال البريطانى
650 0 4 _aمصر - تاريخ - العصر الحديث - الثورة العرابية
942 _2ddc
_cBK
999 _c28284
_d28284